Proyectos ultravioleta (Record no. 513)

MARC details
000 -LEADER
campo de control de longitud fija 00692nam a22001457a 4500
008 - DATOS DE LONGITUD FIJA--INFORMACIÓN GENERAL
campo de control de longitud fija 150410b xxu||||| |||| 00| 0 eng d
020 ## - NÚMERO INTERNACIONAL ESTÁNDAR DEL LIBRO
Número Internacional Estándar del Libro 9789930949818
082 ## - NÚMERO DE LA CLASIFICACIÓN DECIMAL DEWEY
Número de clasificación 707
Número de ítem B 456p
100 ## - ENTRADA PRINCIPAL--NOMBRE DE PERSONA
Nombre de persona Benchoam, Stefan y Valdes Emiliano (curadores)
9 (RLIN) 2386
245 ## - MENCIÓN DEL TÍTULO
Título Proyectos ultravioleta
Mención de responsabilidad, etc. Benchoam, Stefan y Valdes Emiliano (curadores). Mciver, Natasha (tr), Artavia, Adriana (fot)
260 ## - PUBLICACIÓN, DISTRIBUCIÓN, ETC.
Lugar de publicación, distribución, etc. San Jose, Costa Rica
Nombre del editor, distribuidor, etc. Museo de Arte y Diseño Contemporaneo MADC
Fecha de publicación, distribución, etc. 2014
300 ## - DESCRIPCIÓN FÍSICA
Extensión 56 p.
Otras características físicas ill. (col)
Dimensiones 19 cm.
650 ## - PUNTO DE ACCESO ADICIONAL DE MATERIA--TÉRMINO DE MATERIA
Subdivisión general Arte-catalogos
-- Bellas Artes
-- Arte contemporaneo-America Latina
9 (RLIN) 2387
700 ## - ENTRADA AGREGADA--NOMBRE PERSONAL
Nombre de persona Stefan Benchoam y Emiliano Valdes (curadores), Natasha Mciver (tr), Adriana Artavia (fot)
9 (RLIN) 2388
Holdings
Estatus retirado Estado de pérdida Fuente del sistema de clasificación o colocación Estado de daño No para préstamo Biblioteca de origen Biblioteca actual Ubicación en estantería Fecha de adquisición Total de préstamos Signatura topográfica completa Código de barras Visto por última vez Precio de reemplazo Tipo de ítem Koha
    Clasificación Decimal Dewey     Biblioteca LadoV Biblioteca LadoV   10/04/2015   707 B 456p 004030 10/04/2015 10/04/2015 Material 01